Hoffen und nachfolgen: Andachten zum Jubiläum der Diözese Rottenburg, 1828-1978

Saved in:  
Bibliographic Details
Corporate Author: Katholische Kirche (Other)
Contributors: Groß, Werner 1934-2017 (Other)
Format: Print Book
Language:German
Subito Delivery Service: Order now.
Check availability: HBZ Gateway
WorldCat: WorldCat
Interlibrary Loan:Interlibrary Loan for the Fachinformationsdienste (Specialized Information Services in Germany)
Published: Rottenburg A. Maier 1978
In:Year: 1978
Further subjects:B Modern age 1800-1900
B Jubilee
B Church history studies
B Rottenburg am Neckar
B History 1900-2000
B 20. Jahrhundert
B Holy See (motif) Diözese Rottenburg-Stuttgart
B History 1800-1900

MARC

LEADER 00000cam a22000002c 4500
001 1150558873
003 DE-627
005 20240506173345.0
007 tu
008 991012s1978 xx ||||| 00| ||ger c
035 |a (DE-627)1150558873 
035 |a (DE-576)080558879 
035 |a (DE-599)BSZ080558879 
035 |a (OCoLC)313264907 
040 |a DE-627  |b ger  |c DE-627  |e rakwb 
041 |a ger 
084 |a 1  |2 ssgn 
084 |a 553  |2 bwlb 
084 |a 724  |2 bwlb 
245 0 0 |a Hoffen und nachfolgen  |b Andachten zum Jubiläum der Diözese Rottenburg, 1828-1978  |c Hrsg. v. Bischöflichen Ordinariat Rottenburg. Red.: Werner Groß ... 
264 1 |a Rottenburg  |b A. Maier  |c 1978 
300 |a 28 S. 
336 |a Text  |b txt  |2 rdacontent 
337 |a ohne Hilfsmittel zu benutzen  |b n  |2 rdamedia 
338 |a Band  |b nc  |2 rdacarrier 
583 1 |a Archivierung prüfen  |c 20200919  |f DE-640  |z 3  |2 pdager 
583 1 |a Archivierung/Langzeitarchivierung gewährleistet  |f PEBW  |x XA-DE-BW  |2 pdager  |5 DE-24 
583 1 |a Archivierung/Langzeitarchivierung gewährleistet  |f SSG  |x XA-DE-BW  |2 pdager  |5 DE-21 
601 |a Nachfolge 
601 |a Andacht 
601 |a Jubiläum 
610 2 7 |0 (DE-588)1097762173  |0 (DE-627)857352148  |0 (DE-576)468929827  |a Katholische Kirche  |b Diözese Rottenburg-Stuttgart  |2 gnd  |7 (dpeaa)DE-631 
648 7 |a Geschichte 1900-2000  |2 gnd  |7 (dpeaa)DE-631 
648 7 |a Geschichte 1800-1900  |2 gnd  |7 (dpeaa)DE-631 
648 4 |a 20. Jahrhundert  |0 (DE-631)24503  |7 (dpeaa)DE-631 
648 4 |a Neuzeit 1800-1900  |0 (DE-631)35911  |7 (dpeaa)DE-631 
650 0 7 |0 (DE-588)4129003-3  |0 (DE-627)104724919  |0 (DE-576)209606878  |a Jubiläum  |2 gnd  |7 (dpeaa)DE-631 
650 4 |a Kirchengeschichte  |0 (DE-631)9884  |7 (dpeaa)DE-631 
651 7 |0 (DE-588)4050733-6  |0 (DE-627)106180436  |0 (DE-576)20908930X  |a Rottenburg am Neckar  |2 gnd  |7 (dpeaa)DE-631 
700 1 |0 (DE-588)1012785912  |0 (DE-627)785301747  |0 (DE-576)345937880  |4 oth  |a Groß, Werner  |d 1934-2017 
710 2 |0 (DE-588)1097762173  |0 (DE-627)857352148  |0 (DE-576)468929827  |4 oth  |a Katholische Kirche  |b Diözese Rottenburg-Stuttgart 
935 |a BWLB 
951 |a BO 
ELC |b 1 
ITA |a 1  |t 1 
LOK |0 000 xxxxxcx a22 zn 4500 
LOK |0 001 2366093225 
LOK |0 003 DE-627 
LOK |0 004 1150558873 
LOK |0 005 20020522000000 
LOK |0 008 991012||||||||||||||||ger||||||| 
LOK |0 040   |a DE-21  |c DE-627  |d DE-21 
LOK |0 852   |a DE-21 
LOK |0 852 1  |c 2 E 9456  |9 00 
LOK |0 935   |a konv 
LOK |0 939   |a 12-10-99  |b l01 
ORI |a SA-MARC-ixtheoa001.raw 
STA 0 0 |a Church history studies,Church,Church history,Church history,Jubilee 
STB 0 0 |a Histoire de l’Église,Histoire de l’Église,Histoire du christianisme (discipline),Histoire du christianisme,Jubilé 
STC 0 0 |a Historia eclesiástica,Historia eclesiástica,Historia eclesiástica,Jubileo,Aniversario,Aniversario 
STD 0 0 |a Anniversario,Giubileo,Giubileo,Storia della Chiesa,Storia della Chiesa 
STE 0 0 |a 周年纪念日,教会历史研究,教会 
STF 0 0 |a 周年紀念日,教會歷史研究,教會 
STG 0 0 |a História eclesiástica,História eclesiástica,Jubileu,Aniversário,Aniversário 
STH 0 0 |a История церкви (дисциплина),История церкви,Юбилей 
STI 0 0 |a Εκκλησιαστική Ιστορία (μάθημα),Εκκλησιαστική Ιστορία,Επέτειος 
SYB 0 0 |a Diözese Rottenburg-Stuttgart,DRS,Katholische Kirche,Diözese Rottenburg-Stuttgart,Diözesansynode,Katholische Kirche,Diözese Rottenburg-Stuttgart,Sekretariat,Katholische Kirche,Diözese Rottenburg-Stuttgart,Diözesanverwaltung,Katholische Kirche,Diözese Rottenburg-Stuttgart,Verwaltung,Katholische Kirche,Diözese Rottenburg-Stuttgart,Amt für Öffentlichkeitsarbeit,Katholische Kirche,Diözese Rottenburg-Stuttgart,Referat Ständiges Diakonat,Katholische Kirche,Diözese Rottenburg-Stuttgart,Ständiges Diakonat,Katholische Kirche,Diözese Rottenburg-Stuttgart,Ständiger Diakonat,Katholische Kirche,Diözese Rottenburg-Stuttgart,Arbeitsstelle für den Ständigen Diakonat,Katholische Kirche,Diözese Rottenburg-Stuttgart,Bischof,Katholische Kirche,Diözese Rottenburg-Stuttgart,Referat Erwachsenenpastoral und Erwachsenenbildung,Katholische Kirche,Diözese Rottenburg-Stuttgart,Referat für Glaubensfragen,Katholische Kirche,Diözese Rottenburg-Stuttgart,Hauptabteilung Ausbildung Ständiger Diakonat,Katholische Kirche,Diözese Rottenburg-Stuttgart,Hauptabteilung 1,Katholische Kirche,1,Katholische Kirche,Diözese Rottenburg-Stuttgart,Hauptabteilung Kirche und Gesellschaft,Katholische Kirche,Diözese Rottenburg-Stuttgart,Hauptabteilung 9 a,Katholische Kirche,9 a,Katholische Kirche,Diözese Rottenburg-Stuttgart,Hauptabteilung 4 a,Katholische Kirche,4 a,Katholische Kirche,Diözese Rottenburg-Stuttgart,Öffentlichkeitsarbeit,Katholische Kirche,Diözese Rottenburg-Stuttgart,Domkapitel,Katholische Kirche,Diözese Rottenburg-Stuttgart,Bischöflicher Stuhl,Katholische Kirche,Diözese Rottenburg-Stuttgart,Generalvikariat,Katholische Kirche,Diözese Rottenburg-Stuttgart,Hauptabteilung Weltkirche,Katholische Kirche,Diözese Rottenburg-Stuttgart,Hauptabtlg. Weltkirche,Katholische Kirche,Diözese Rottenburg-Stuttgart,Hauptabteilung Medien und Öffentlichkeitsarbeit,Arbeitsstelle Ständiges Diakonat,Diözesanpastoralrat,Diözesansynode,Diözesanverwaltung,Bischöfliche Verwaltung,Amt für Öffentlichkeitsarbeit,Bischof,Öffentlichkeitsarbeit,Bischöflicher Stuhl,Bischöfliches Generalvikariat,Generalvikariat,Biskupija Rottenburg-Stuttgart,Diecezja Rottenburg-Stuttgart,Diócesis Rottenburg-Stuttgart,Diocese Rottenburg-Stuttgart,Diocese de Rotemburgo-Estugarda,Diocesi Rottenburg-Stuttgart,Diocesi di Rottenburg-Stoccarda,Bistum Rottenburg-Stuttgart,Dioecesis Rottenburgensis-Stutgardiensis,Diözese Rottenberg-Stuttgart 
SYE 0 0 |a Jubiläumsfeier,Jubiläen , Kirche 
SYF 0 0 |a Rottenburg a. Neckar,Rottenburg, Neckar,Rottenburg, Stadt am Neckar,Sumelocenna,Rotenburc,Rottenburg,Große Kreisstadt Rottenburg am Neckar,Stadt Rottenburg am Neckar